One 2022 Giro d'Italia Rider by Country - Statistics

General Stats
  • This quiz has been taken 67 times
  • The average score is 14 of 29
Answer Stats
Nation Rider % Correct
Australia Richie Porte | Caleb Ewan | Lucas Hamilton | +6 others
93%
Italy Vincenzo Nibali | Giulio Ciccone | Alessandro De Marchi | +42 others
88%
Ecuador Richard Carapaz | Jhonatan Narváez | Jefferson Alexander Cepeda | +1 other
86%
Netherlands Mathieu van der Poel | Tom Dumoulin | Bauke Mollema | +14 others
78%
France Romain Bardet | Arnaud Démare | Guillaume Martin | +10 others
78%
Eritrea Biniam Ghirmay | Natnael Tesfatsion | Merhawi Kudus
76%
Spain Alejandro Valverde | Mikel Landa | Pello Bilbao | +8 others
74%
Portugal João Almeida | Rui Oliveira | Rui Costa
74%
Great Britain Simon Yates | Mark Cavendish | Hugh Carthy | +7 others
71%
Colombia Miguel Ángel López | Fernando Gaviria | Harold Tejada | +3 others
66%
Hungary Erik Fetter | Attila Valter | Barnabás Peák
62%
Denmark Michael Mørkøv | Magnus Cort | Christopher Juul-Jensen | +1 other
57%
Argentina Eduardo Sepúlveda | Maximiliano Richeze
55%
Germany Emanuel Buchmann | Lennard Kämna | Rick Zabel | +8 others
48%
Belgium Thomas De Gendt | Dries De Bondt | Jenthe Biermans | +11 others
47%
Slovenia Jan Tratnik | Domen Novak
41%
Estonia Rein Taaramäe
41%
Czechia Jan Hirt
40%
Lithuania Ignatas Konovalovas
28%
Ukraine Andrii Ponomar
22%
Austria Felix Gall | Tobias Bayer | Patrick Gamper | +1 other
22%
Finland Jaakko Hänninen
21%
Norway Tobias Foss
21%
Sweden Tobias Ludvigsson
19%
United States Joe Dombrowski | Will Barta | Lawson Craddock
16%
Poland Cesare Benedetti
12%
Kazakhstan Vadim Pronskiy
7%
Canada Alexander Cataford
5%
Switzerland Reto Hollenstein | Mauro Schmid
5%
No matching quizzes found
Score Distribution
Percent of People with Each Score
Percentile by Number Answered
Your Score History
You have not taken this quiz